| 000 | 01131nam a2200229Ii 4500 | ||
|---|---|---|---|
| 003 | JO-AjNU | ||
| 008 | 230605s9999||||xx |||||||||||||| ||und|| | ||
| 017 | _a2021/10/5829 | ||
| 020 | _a978-9957-94-726-2 | ||
| 040 |
_aJO-AjNU _bara _erda _cJO-AjNU |
||
| 041 | _aara | ||
| 050 | 1 | 4 | _aDS154.R43 2021 |
| 100 | 3 |
_aالرقاد، محمد خلف, _eauthor _963685 |
|
| 245 | 0 | 0 | _aالسياسة العسكرية في الفكر القيادي الهاشمي(من الحسين بن علي الى عبدالله الثاني بن الحسين)1916-2021م |
| 250 | _aالطبعة الاولى | ||
| 264 | 3 | 1 | _aعمان:وزارة الثقافة،2021 |
| 300 |
_a431ص _bيحتوي على قائمة مراجع ومصادر من ص 402-431ص/ اصدارات مئوية الدولة الاردنية 2021 |
||
| 336 |
_atext _btxt _2rdacontent |
||
| 337 |
_aunmediated _bn _2rdamedia |
||
| 338 |
_avolume _bnc _2rdacarrier |
||
| 650 | 4 |
_aالسياسة العسكرية- الاستراتيجية-التطورات السياسية-القوات المسلحة-الهاشميون-الملوك والحكام-تاريخ الاردن _963686 |
|
| 999 |
_aA28901 _c32469 _d32469 |
||